00854cam a2200241 a 450000100100000000500170001000800410002702000150006804000250008308200180010810000460012624000260017224500750019826000390027330000210031249000180033353400360035165000260038765000300041370000390044395201150048299900150059700000467120200929151459.0890330s1976 sp 000 0 spa  a8401441595 aDO-SdBNPbspacBNPHU a843.914bR4561 aRey, Henri François,d1920-1987.91361713aLe barbarelEspañol13aEl bárbaro :bnovela /cHenri François Rey ; Ana Ma. de la Fuente. aBarcelona :bPlaza & Janes,c1976. a155 p. ;c19 cm.1 aRotativav153 aTítulo Original:tLe barbare. 4aNovela francesa91075 4aLiteratura francesa910741 aFuente, Ana Ma. de la,etr.913618 001050718MOaGRbGRcHDd2009-07-24iLF1l0o843.914 R456p4671-10r2020-06-25w2020-06-25y1ZNo se presta c4477d4477